LEADER 00652nam a2200181 i 4500 001 000000076043 003 CaOOAMICUS 005 20110729000000.0 008 110729s1809 it u000 u ita u 013 $a47215 026 $an-,e i-di o.a- vane (3) 1809 (R) 040 $aSeMil$bita 245 10$aTomo 1. 300 $a276 p. 773 0 $aCerati, Antonio <1738-1816>$tOpuscoli diversi di Filandro Cretense P.E. Tomo primo [-quarto].$dParma : Dalla stamperia Carmignani, 1809-1810.$g1$w()5284 850 $aSeMil 852 $aSeMil$W1$xVenegono$y1$m1H VI 14/1 FA$j42195$B42195$CSeMilBibl$Z2$F42199 $8I 996 $6245$aTomo 1$9(OLS)http://semarc/title/46685 LEADER 01194nam a2200265 i 4500 001 000000081534 003 CaOOAMICUS 005 20190508153456.0 008 180209s1975 it u000 u ita u 013 $a53774 040 $aSeMil$bita 100 1 $aScheffczyk, Leo,$c.$0(OLS)http://semarc/name/110 240 14$aDas Unwandelbare im Petrusamt.$0(OLS)http://semarc/title/404587 245 13$aIl ministero di Pietro :$bproblema, carisma, servizio /$cLeo Scheffczyk ; a cura di Franco Ardusso. 260 $aTorino :$bMarietti,$c1975. 300 $a106 p. ;$c20 cm. 490 0 $aCollana di teologia [Marietti] ;$v3 650 4$aPietro - Primato.$0(OLS)http://semarc/subject/4313 700 1 $aArdusso, Franco <1935-2005>.$0(OLS)http://semarc/name/3606 830 0$aCollana di teologia ;$v3.$0(OLS)http://semarc/title/419469 850 $aSeMil 852 $aSeMil$W1$xVenegono$y1$m2D II 486$j46758$B46758$CSeMilBibl$Z2$F49133 $81 996 $6245$aIl ministero di Pietro :$bproblema, carisma, servizio$9(OLS)http://semarc/title/404586 996 $6260$aTorino :$bMarietti$9(OLS)http://semarc/publisher/29916